1300 1086 1780 1170 1558 1035 1767 1158 1116 1987 1720 1912 1295 1141 1224 1955 1657 1789 1916 1846 1053 1901 1711 1857 1990 1732 1317 1290 1731 1289 1989 1478 1285 1080 1227 1675 1807 1099 1633 1344 1800 1333 1719 1729 1054 1403 1262 1688 1148 1749 1695 1656 1999 1019 1712 1254 1439 1628 1210 1606 1374 1307 1891 1184 1764 1415 1355 1960 1826 1985 1342 1047 1827 1940 1032 1302 1555 1043 1606 1484 1159 1827 1970 1869 1766 1331 1092 1890 1055 1957 1375 1494 1870 1375 1765 1844 1759 1438 1458 BCNSPRNW ULIB Ver.6.0+V

เปลี่ยนเป็นภาษาไทย

Change to English
 แสดงรายละเอียดบรรณานุกรม
  กลับหน้าหลัก

Brief Record : Get Marc (ISO 2709) : E-mail record : QR code < ปิดหน้าต่าง
LEADER : 00000nam 2200000uu 4500
001    13399127986
003     ULIB
008    211124s2563||||th 000 0 tha d
020    ^a9786160839513
050  4 ^aHA29.5.T5^bพ435ส
100 0  ^aพฤทธ์สรรค์ สุทธิไชยเมธี
245 10 ^aสถิติขั้นสูงเพื่อการวิจัยเชิงปริมาณทางสังคมศาสตร์ =^bAdvanced statistics forquantitative Research in Social Science /^cพฤทธ์สรรค์ สุทธิไชยเมธี
246 31 ^advanced statistics forquantitative Research in Social Science
250    ^aพิมพ์ครั้งที่ 1
260    ^aกรุงเทพฯ :^bซีเอ็ดยูเคชั่น,^c2563
300    ^a340 หน้า :^bตาราง ;^c27 ซม.
650  4 ^aการวิเคราะห์เชิงปริมาณ
650  4 ^aสถิติ
945    ^p465^l0^i29164
945    ^p465^l0^i29165
945    ^p465^l0^i29166
945    ^p465^l0^i29167
945    ^p465^l0^i29168
999    ^aกัณชพร จุลอักษร
รายการนี้ยังไม่มีแท็ก
คุณยังไม่ได้ล็อกอิน คุณสามารถมีกิจกรรมร่วมกับเว็บไซต์ได้ แต่ต้องล็อกอินก่อน ::
  ล็อกอิน

รายการสื่อสารสนเทศ

ลำดับที่ ประเภท เลขเรียก/บาร์โค้ด สถานที่ สถานะ
1. หนังสือสำรอง
หนังสือสำรอง
HA29.5.T5 พ435ส ฉ.1 
  Barcode: 29164
ห้องสมุดวิทยาเขตนครสวรรค์
►หนังสือทั่วไป:l:General Books
บนชั้น
2. วิทยาศาสตร์การแพทย์ และสุขภาพ
วิทยาศาสตร์การแพทย์ และสุขภาพ
HA29.5.T5 พ435ส ฉ.2 
  Barcode: 29165
ห้องสมุดวิทยาเขตนครสวรรค์
►หนังสือทั่วไป:l:General Books
บนชั้น
3. วิทยาศาสตร์การแพทย์ และสุขภาพ
วิทยาศาสตร์การแพทย์ และสุขภาพ
HA29.5.T5 พ435ส ฉ.3 
  Barcode: 29166
ห้องสมุดวิทยาเขตนครสวรรค์
►หนังสือทั่วไป:l:General Books
บนชั้น
4. วิทยาศาสตร์การแพทย์ และสุขภาพ
วิทยาศาสตร์การแพทย์ และสุขภาพ
HA29.5.T5 พ435ส ฉ.4 
  Barcode: 29167
ห้องสมุดวิทยาเขตนครสวรรค์
►หนังสือทั่วไป:l:General Books
บนชั้น
5. วิทยาศาสตร์การแพทย์ และสุขภาพ
วิทยาศาสตร์การแพทย์ และสุขภาพ
HA29.5.T5 พ435ส ฉ.5 
  Barcode: 29168
ห้องสมุดวิทยาเขตนครสวรรค์
►หนังสือทั่วไป:l:General Books
บนชั้น

รายการใกล้เคียง
    ผู้แต่ง [พฤทธ์สรรค์ สุทธิไชยเมธี]

    หัวเรื่อง [การวิเคราะห์เชิงปริมาณ]
    หัวเรื่อง [สถิติ]

BibComment


ยังไม่เคยถูกคอมเมนท์

คอมเมนท์ทรัพยากรรายการนี้
  คอมเมนท์: สถิติขั้นสูงเพื่..


 Copyright 2026. Bcnsprnw @Library